000 nam a22 7a 4500
999 _c7608
_d7608
008 170922b xxu||||| |||| 00| 0 eng d
020 _a9780340772430
100 _94112
_aWesson.K.etal.
245 _aSports
260 _bHodder
_c2005